Political Institutions and Voter Turnout in the Industrial Democracies

Salvato in:
Dettagli Bibliografici
Autore principale: Jackman, Robert
Natura: testo
Soggetti:
Tags: Aggiungi Tag
Nessun Tag, puoi essere il primo ad aggiungerne!!

MARC

LEADER 00000 a a2200000 04500
001 29203
003
040
090 |a 191300  
100 |a Jackman, Robert  
245 |a Political Institutions and Voter Turnout in the Industrial Democracies  
650 |a SISTEMAS ELECTORALES  
650 |a VOTACION  
650 |a ANALISIS DE DATOS  
650 |a COMPORTAMIENTO POLITICO  
650 |a TEORIA  
650 |a ELECCIONES  
999 |c 5605  |d 5605